1365 1389 1038 1479 1505 1518 1205 1907 1930 1220 1948 1187 1365 1749 1008 1784 1499 1776 1511 1150 1451 1122 1671 1165 1127 1168 1675 1141 1019 1418 1338 1402 1375 1375 1433 1902 1193 1540 1052 1465 1091 1256 1989 1807 1286 1036 1426 1462 1617 1688 1363 1934 1614 1420 1179 1847 1519 1037 1500 1515 1068 1411 1990 1296 1711 1657 1573 1630 1064 1854 1936 1515 1803 1963 1397 1088 1028 1960 1372 1626 1240 1157 1873 1000 1837 1180 1554 1228 1247 1659 1668 1109 1247 1715 1326 1703 1623 1379 1647 BCNSPRNW ULIB Ver.6.0+V

เปลี่ยนเป็นภาษาไทย

Change to English
 แสดงรายละเอียดบรรณานุกรม
  กลับหน้าหลัก

Brief Record : Get Marc (ISO 2709) : E-mail record : QR code < ปิดหน้าต่าง
LEADER : 00000nam 2200000uu 4500
001    13399127966
003     ULIB
008    020711s2563 th a 000 0 tha d
020    ^a9786165725682
050    ^aนว.^bจ-อ
100    ^aจรสจันทร์
245    ^aโอบฟ้ามาห่มดิน
250    ^aพิมพ์ครั้งที่ 1
260    ^aกรุงเทพฯ :^bกรองอักษร,^c2563
300    ^a432 หน้า;^b21 ซม.
650    ^aนวนิยาย
945    ^p340^l0^i008556
999    ^aประนอม เกษจรัล
รายการนี้ยังไม่มีแท็ก
คุณยังไม่ได้ล็อกอิน คุณสามารถมีกิจกรรมร่วมกับเว็บไซต์ได้ แต่ต้องล็อกอินก่อน ::
  ล็อกอิน

รายการสื่อสารสนเทศ

ลำดับที่ ประเภท เลขเรียก/บาร์โค้ด สถานที่ สถานะ
1. นวนิยาย
นวนิยาย
นว. จ-อ ฉ.1 
  Barcode: 008556
ห้องสมุดวิทยาเขตสวรรค์ประชารักษ์
►นวนิยาย
บนชั้น
  ขอยืม

รายการใกล้เคียง
    ชื่อเรื่อง [โอบฟ้ามาห่มดิน]

    ผู้แต่ง [จรสจันทร์]

    หัวเรื่อง [นวนิยาย]

BibComment


ยังไม่เคยถูกคอมเมนท์

คอมเมนท์ทรัพยากรรายการนี้
  คอมเมนท์: โอบฟ้ามาห่มดิน


 Copyright 2026. Bcnsprnw @Library